000 00704nam a22002177a 4500
005 20260120154312.0
010 _aENG-147542
020 _c500.00
_a9789382878223
035 _aEN-131074
037 _bDBAD
_aDPL
082 _a346.5407
_228
100 _aSen, Arun Kumar
_986663
245 _aCommercial law including company law/
_cArun Kumar Sen [and Jitendra Kumar Mitra
250 _a28
260 _b The World Press Pvt Ltd,
_aKolkata
_c2022
270 _a37A College Street
_bKolkata
_e700073
300 _a551p.
_c24cm(pb)
500 _abusiness law or business regulatory framework
700 _aMitra, Jitendra Kumar
_eAuthor
_986664
942 _2ddc
_cEN
_h346.5407
_mSEN
999 _c214334
_d214334